000 00904cab a2200193 4500
001 L130519
008 050808n2005 000 0 eng u
035 _a(Sirsi) u130519
041 _aeng
100 _aThompson, Brian
245 2 _aA new experts code of practice
260 _c2005
490 _aNew Law Journal
_v155(7187) 29 July 2005, 1158(1)
520 _aExamines the new "Code of practice for experts" which has been jointly prepared by The Academy of Experts and the Expert Witness Institute. Gives reasons for the new code, including the need to ensure compatibility with the new EuroExpert code.
590 _aIKA160805
690 _aMANAGEMENT-DISPUTE AVOIDANCE, MANAGEMENT AND RESOLUTION-DISPUTE MANAGEMENT AND RESOLUTION-EXPERT WITNESSES
856 _uhttps://www.ewi.org.uk/files/CodeofPPractice.pdf
_zView the Code of practice free of charge at www.ewi.gov.uk...
942 _n0
999 _c104473
_d104473